000 00399nam a2200169Ia 4500
005 20250423101410.0
008 250422s9999 xx 000 0 und d
020 _a0- 486- 27274- 5
050 _aJC 143 .M3813
100 _aNoiccolo Machiavelli
245 4 _aThe prince
260 _bDover publications, inc.
260 _c1992
300 _a71 p
650 _aPolitical ethics
942 _cBK
999 _c36194
_d36194